000 01145pam a2200313 a 4500
999 _c1844
_d1844
001 4491310
003 OSt
005 20191126112050.0
008 970929s1998 nyua b 001 0 eng c
010 _a 97041983
020 _a0838515630
040 _aDNLM/DLC
_cDLC
_dDLC
050 1 0 _aRC667
_b.C3834 1998
060 1 0 _aWG210 C2677 1997
082 0 0 _aWG210 C179 1997
_221
100 _aEdited by Alpert, Joseph S.
_913087
245 0 0 _aCardiology for the Primary care Physician
250 _a2nd ed.
260 _aPhiladelphia :
_bCurrent Medicine,
_cc1998.
300 _axii, 420 p. :
_bill. (some col.) ;
_c29 cm.
500 _a"From the series: Current practice of medicine, 2nd edition, Roger C. Bone and Faith Fitzgerald, editors."
504 _aIncludes bibliographical references and index.
650 0 _aCardiology
_93034
650 0 _aHeart care
_95890
730 0 _aCurrent practice of medicine.
_94848
906 _a7
_bcbc
_corignew
_d1
_eocip
_f19
_gy-gencatlg
942 _2z
_cSLOAN